Normal view
MARC view
- مراجعة وتقديم الجبر، خالد عبد الرؤوف
Entry Personal Name
001 - CONTROL NUMBER
- control field: 46232
003 - CONTROL NUMBER IDENTIFIER
- control field: JO-AjAnu
005 - DATE AND TIME OF LATEST TRANSACTION
- control field: 20230606081636.0
008 - FIXED-LENGTH DATA ELEMENTS
- fixed length control field: 230606|| aca||aabn | a|a d
040 ## - CATALOGING SOURCE
- Original cataloging agency: JO-AjAnu
- Transcribing agency: JO-AjAnu
100 ## - HEADING--PERSONAL NAME
- Personal name: مراجعة وتقديم الجبر، خالد عبد الرؤوف
670 ## - SOURCE DATA FOUND
- Source citation: Work cat.: (JO-AjAnu)23665: مراجعة وتقديم الجبر، خالد عبد الرؤوف , author, تجارب روائية وقضايا نقدية = Experiences in Fiction Writing and Critique Practices